|
|
|
|
| LEADER |
01585nam a2200337 u 4500 |
| 001 |
10017957 |
| 003 |
upatras |
| 005 |
20210117205137.0 |
| 008 |
881025s1987 eng |
| 020 |
|
|
|a 3211820361
|
| 040 |
|
|
|a GR-PaULI
|c GR-PaULI
|
| 041 |
0 |
|
|a eng
|
| 082 |
0 |
4 |
|a 624.171
|
| 110 |
|
0 |
|a International Centre for Mechanical Sciences
|9 86677
|
| 245 |
1 |
0 |
|a Proceedings of the second meeting on unilateral problems in structural analysis
|b Unilateral problems in structural analysis - 2
|c ; edited by G. del Piero, F. Maceri
|
| 260 |
|
|
|a Wien
|b Springer - Verlag
|c 1987
|
| 300 |
|
|
|a 312 σ.
|b σχημ.
|c 24 εκ.
|
| 490 |
0 |
|
|a CISM courses and lectures
|v 304
|
| 504 |
|
|
|a Περιλαμβάνει κατάλογο παρευρισκομένων
|
| 650 |
|
4 |
|a Δομική ανάλυση (Μηχανική)
|9 392
|
| 650 |
|
4 |
|9 245
|a Μηχανική
|
| 700 |
1 |
|
|a Maceri, F.
|4 edt
|9 140611
|
| 700 |
1 |
|
|a Piero, G. del
|4 edt
|9 140612
|
| 760 |
1 |
|
|a Courses and lectures
|g 304
|
| 852 |
|
|
|a GR-PaULI
|b ΠΑΤΡΑ
|b ΒΚΠ
|b ΒΣ1
|k ΑΣΧΞ
|h 624.171 INC
|m 35221
|p 025000240006
|t 1
|
| 852 |
|
|
|a GR-PaULI
|b ΠΑΤΡΑ
|b ΒΚΠ
|b ΒΣ1
|k ΑΣΧΞ
|h 624.171 INC
|m 35222
|p 025000240005
|t 2
|
| 942 |
|
|
|2 ddc
|c BK15
|
| 952 |
|
|
|0 0
|1 0
|4 0
|6 624_171000000000000_INC
|7 0
|9 170001
|a LISP
|b LISP
|c BSC
|d 2016-04-24
|i 35221
|l 0
|o 624.171 INC
|p 025000240006
|r 2016-04-24 00:00:00
|t 1
|w 2016-04-24
|y BK15
|
| 952 |
|
|
|0 0
|1 0
|4 0
|6 624_171000000000000_INC
|7 0
|9 170002
|a LISP
|b LISP
|c BSC
|d 2016-04-24
|i 35222
|l 0
|o 624.171 INC
|p 025000240005
|r 2016-04-24 00:00:00
|t 2
|w 2016-04-24
|y BK15
|
| 998 |
|
|
|c ΣΑΤΛΑΝΗΣ
|
| 999 |
|
|
|c 106373
|d 106373
|